| 000 -ლიდერი |
| ფიქსირებული სიგრძის საკონტროლო ველი |
01407nam a22002297a 4500 |
| 003 - საკონტროლო ნომრის იდენტიფიკატორი |
| საკონტროლო ველი |
Ge_BSU |
| 005 - ბოლო ოპერაციის თარიღი და დრო |
| საკონტროლო ველი |
20230314152654.0 |
| 008 - ფიქსირებული სიგრძის მონაცემთა ელემენტები - ზოგადი ინფორმაცია |
| ფიქსირებული სიგრძის საკონტროლო ველი |
230314s2009 ge ||||| |||| 00| 0 geo d |
| 041 ## - ენის კოდი |
| Language code of text/sound track or separate title |
geo |
| 080 ## - უნივერსალური ათობითი კლასიფიკაციის ინდექსი |
| Universal Decimal Classification number |
341.231.14 ს-45 |
| 100 ## - მთავარი ჩანაწერი - პიროვნების სახელი |
| Personal name |
სვანიძე, ერიკ |
| 9 (RLIN) |
17206 |
| 245 ## - ცნობა სათაურის შესახებ |
| Title |
არასათანადო მოპყრობის ეფექტიანი გამოძიება : |
| Remainder of title |
ევროპული სტანდარტების სახელმძღვანელო პრინციპები / |
| Statement of responsibility, etc |
ერიკ სვანიძე ; Council of Europe, European Union. |
| 264 ## - წარმოების, გამოცემის, დისტრიბუციის და სხვა ცნობები |
| გამოცემის, წარმოების, დისტრიბუციის... ადგილი |
თბილისი, |
| გამოცემის, წარმოების, დისტრიბუციის... თარიღი |
[2009]. |
| 300 ## - ფიზიკური აღწერა |
| Extent |
144 გვ. ; |
| Other physical details |
20 სმ. |
| 500 ## - ზოგადი შენიშვნა |
| General note |
გამოცემა დაფინანსებულია ევროპის კავშირისა და ევროპის საბჭოს ერთობლივი პროგრამის მიერ. |
| 504 ## - BIBLIOGRAPHY, ETC. NOTE |
| Bibliography, etc |
ბიბლიოგრაფია ტექსტის შენიშვნებში. |
| 653 ## - INDEX TERM--UNCONTROLLED |
| Uncontrolled term |
ადამიანის ძირითადი უფლებების დაცვა |
| 653 ## - INDEX TERM--UNCONTROLLED |
| Uncontrolled term |
არასათანადო მოპყრობა |
| 710 ## - ADDED ENTRY--CORPORATE NAME |
| Corporate name or jurisdiction name as entry element |
Council of Europe. |
| Subordinate unit |
European Union. |
| 9 (RLIN) |
17207 |
| 710 ## - ADDED ENTRY--CORPORATE NAME |
| Corporate name or jurisdiction name as entry element |
Conseil de l'Europe. |
| Subordinate unit |
Union europėenne. |
| 9 (RLIN) |
17208 |
| 942 ## - ADDED ENTRY ELEMENTS (KOHA) |
| Source of classification or shelving scheme |
|
| Koha item type |
წიგნი |